[Event "Club Championships"]
[Site "Wellington Chess Club"]
[Date "2016.11.03"]
[Round "9"]
[White "Dive, Russell"]
[Black "Wastney, Scott"]
[Result "1-0"]
[WhiteElo "2440"]
[BlackElo "2448"]

1. f4 d5 2. Nf3 g6 3. g3 Bg7 4. Bg2 Nf6 5. O-O O-O 6. d3 c5 7. Qe1 Nc6 8. e4
dxe4 9. dxe4 e5 10. f5 gxf5 11. exf5 Bxf5 12. Nxe5 Bxc2 13. Nxc6 bxc6 14. Bxc6
Ng4 15. Nc3 Rc8 16. Bf3 Bd3 17. Bxg4 Qd4+ 18. Qe3 Bxf1 19. Bxc8 Bc4 20. Bb7 Re8
21. Qxd4 Re1+ 22. Kf2 Rf1+ 23. Kg2 Bxd4 24. Bd5 Rf2+ 25. Kh3 Bf1+ 26. Kg4 Kg7
27. Bf4 h5+ 28. Kxh5 Rxh2+ 29. Kg5 Bf6+ 30. Kf5 Ba6 31. Ke4 Rxb2 32. Rc1 Rb4+
33. Kf3 Rd4 34. Be4 Rd8 35. Nd5 Bd4 36. Ne7 Bf6 37. Nf5+ Kg8 38. Rxc5 1-0

[Event "Club Championships"]
[Site "Wellington Chess Club"]
[Date "2016.11.03"]
[Round "9"]
[White "Dixon, Hamish"]
[Black "Day, Fabian"]
[Result "0-1"]
[WhiteElo "1648"]
[BlackElo "1605"]

1. e4 c5 2. Nf3 e6 3. d4 cxd4 4. Nxd4 Nc6 5. Nc3 Qc7 6. Be3 a6 7. a3 Nf6 8. Be2
Be7 9. O-O O-O 10. f4 Nxd4 11. Qxd4 d6 12. Kh1 Bd7 13. e5 dxe5 14. fxe5 Nd5 15.
Nxd5 exd5 16. Bd3 Rac8 17. Rf2 Bc5 18. Qh4 h6 (18... g6 19. Bxc5 (19. Bh6 Qxe5)
) 19. Bxc5 (19. Bxh6 Bxf2 20. Qg5) 19... Qxc5 20. Rf6 Qe3 (20... gxf6 21. Qxh6
(21. exf6) 21... f5 22. Qg5+ Kh7 23. Qh5+ Kg7 24. Qg5+ Kh7 25. Qh5+ Kg7) 21.
Rd6 Be6 22. Re1 Qg5 23. Qb4 Bf5 24. Rxd5 Bxd3 25. cxd3 Rc2 26. Rg1 Rfc8 27.
Qxb7 Rc1 28. Rd4 Rxg1+ 29. Kxg1 Qe3+ 30. Kf1 Rc1# 0-1

[Event "Club Championships"]
[Site "Wellington Chess Club"]
[Date "2016.11.03"]
[Round "9"]
[White "Farrington, Lawrence"]
[Black "Stone, Andrew"]
[Result "1/2-1/2"]
[WhiteElo "1811"]
[BlackElo "2047"]

1. e4 c5 2. c3 Nf6 3. e5 Nd5 4. d4 cxd4 5. Qxd4 e6 6. Nf3 Nc6 7. Qe4 Be7 8. Bd3
d6 9. O-O dxe5 10. Nxe5 Nxe5 11. Qxe5 O-O 12. Bc2 Bf6 13. Qh5 g6 14. Qe2 Bg7
15. Nd2 b6 16. Nb3 Bb7 17. Rd1 Qh4 18. Nd4 Nf4 19. Bxf4 Qxf4 20. g3 Qc7 21. Be4
Rac8 22. Bxb7 Qxb7 23. f4 Rc5 24. Qg2 Qc7 25. Nb3 Rf5 26. Rd3 e5 27. fxe5 Qxe5
28. Rad1 Bf6 29. Nd4 Qc5 30. Kh1 Re5 31. Qf1 Bg7 32. Qf3 h5 33. Re3 Rxe3 34.
Qxe3 Qd5+ 35. Qf3 Qxa2 36. Rd2 Re8 37. Re2 Rxe2 38. Qxe2 Bxd4 39. cxd4 Qd5+ 40.
Qg2 Qxd4 41. Qa8+ Kg7 42. Qxa7 Qxb2 43. Qa4 b5 44. Qe4 b4 45. g4 h4 46. g5 h3
47. Qd4+ 1/2-1/2

[Event "Club Championships"]
[Site "Wellington Chess Club"]
[Date "2016.11.03"]
[Round "9"]
[White "Jackson, Ross"]
[Black "Timergazi, Layla"]
[Result "1/2-1/2"]
[WhiteElo "2067"]
[BlackElo "2105"]

1. e4 c6 2. d4 d5 3. f3 Qb6 4. Nc3 dxe4 5. fxe4 Nf6 6. Be2 Na6 7. a4 e5 8. dxe5
Nd7 9. a5 Qc5 10. e6 fxe6 11. Nf3 Nb4 12. Bd3 Be7 13. Bf4 O-O 14. Qd2 Bf6 15.
Be3 Qh5 16. O-O Rd8 17. Qf2 Ne5 18. Nxe5 Bxe5 19. g3 Nxd3 20. cxd3 Bxc3 21.
bxc3 e5 22. Qa2+ Kh8 23. Qf7 Qxf7 24. Rxf7 Kg8 25. Rc7 Rxd3 26. Bxa7 Rxc3 27.
Bb6 Rb3 28. Re1 Bh3 29. Re7 Rf8 30. Bf2 Rb5 31. Bb6 Rb3 32. Bf2 Rb2 33. Bb6 Rb3
34. Bf2 Rbf3 35. Re2 Rd8 36. Re1 Rd2 37. Bc5 Rc3 38. Rxe5 Rcc2 39. Re8+ Kf7 40.
Rf8+ Ke6 41. Rf2 Rxf2 42. Bxf2 Rd2 43. Bb6 g6 44. Bc7 Bg2 45. Rb1 Bxe4 46. Rxb7
Rg2+ 47. Kf1 Rxh2 48. Rb6 Ra2 49. Rb4 Bd5 50. Rh4 h5 51. Rf4 c5 52. Rf8 c4 53.
Rg8 Kf6 54. Rd8 Be4 55. Rd6+ Ke7 56. Rd4 Bd3+ 57. Ke1 Re2+ 58. Kd1 Ra2 59. Bd6+
Ke6 60. Bb4 Ra4 61. Bc3 Ra3 62. Kd2 g5 63. Rd8 Ra2+ 64. Ke3 Ra3 1/2-1/2

[Event "Club Championships"]
[Site "Wellington Chess Club"]
[Date "2016.11.03"]
[Round "9"]
[White "Ker, Anthony"]
[Black "Nijman, Brian"]
[Result "1-0"]
[WhiteElo "2461"]
[BlackElo "2206"]

1. e4 e5 2. Nf3 Nc6 3. d4 exd4 4. Nxd4 Bb4+ 5. c3 Bc5 6. Be3 Bb6 7. Qg4 Qf6 8.
Qg3 Nxd4 9. Bxd4 Bxd4 10. cxd4 Qxd4 11. Nc3 Ne7 12. Rd1 Qb4 13. Qxg7 Rg8 14.
Qe5 Qxb2 15. Bc4 d6 16. Qf6 Be6 17. Bxe6 fxe6 18. Nd5 Qxf6 19. Nxf6+ Kf7 20.
Nxg8 Rxg8 21. g3 Rg5 22. f4 Ra5 23. Rd2 Ra4 24. Re2 Nc6 25. O-O Nd4 26. Rb2 b6
27. e5 d5 {Can't read the rest. White won in 56} 1-0

[Event "Club Championships"]
[Site "Wellington Chess Club"]
[Date "2016.11.03"]
[Round "9"]
[White "Konakanchi, Pramodh"]
[Black "Wevers, Alexis"]
[Result "0-1"]
[WhiteElo "1191"]
[BlackElo "1472"]

1. e4 e5 2. Nf3 Nc6 3. Nc3 Bc5 4. Bc4 d6 5. d3 Bg4 6. h3 Bh5 7. O-O Nge7 8. Qe2
Nd4 9. Qd1 Nxf3+ 10. gxf3 Qd7 11. Bb5 c6 12. Bc4 Qxh3 13. Qd2 Bxf3 14. Qg5 Qh1#
0-1

[Event "Club Championships"]
[Site "Wellington Chess Club"]
[Date "2016.11.03"]
[Round "9"]
[White "List, Robert"]
[Black "Barraza, Jesse"]
[Result "1/2-1/2"]
[WhiteElo "1794"]
[BlackElo "1957"]

1. e4 d5 2. exd5 Nf6 3. c4 c6 4. Nc3 g6 5. Nf3 Bg7 6. d4 cxd5 7. c5 O-O 8. Bf4
Nh5 9. Be3 Nc6 10. Be2 f5 11. Qb3 Be6 12. Ng5 Qd7 13. Bxh5 f4 14. Bf3 fxe3 15.
Nxe6 exf2+ 16. Kf1 Rxf3 17. gxf3 Qxe6 18. Qxd5 Qxd5 19. Nxd5 Bxd4 20. Kg2 Bxc5
21. Rac1 Bd4 22. b4 e6 23. Nc7 Rb8 24. Nxe6 Bb6 25. a3 Be3 26. Rc3 Bd2 27. Rd3
Be1 28. Nf4 Re8 29. Rf1 g5 30. Nh3 h6 31. Nxf2 Re2 32. Rd7 Ne5 33. Re7 Kf8 34.
Rxb7 Nd3 35. Rxe1 Nxe1+ 36. Kf1 Re6 37. Rxa7 Nxf3 38. h3 Rf6 39. b5 Rb6 40. a4
Nd4 41. Ng4 h5 42. Ne5 Rf6+ 43. Kg2 Re6 44. Nd7+ Ke8 45. b6 Nc6 46. b7 Re2+ 47.
Kf1 Rb2 48. b8=Q+ Nxb8 49. Nf6+ Kd8 50. Nxh5 Rh2 51. Ng7 Rxh3 52. Ne6+ Ke8 53.
Nxg5 Rh6 54. Ke2 Rb6 55. Ne4 Kd8 56. Nc5 Kc8 57. Kd3 Nc6 58. Rh7 Nb4+ 59. Kc4
Na6 60. Nxa6 Rxa6 61. Kb5 Rg6 62. a5 Kb8 63. a6 Rf6 64. Rd7 Rg6 65. Rb7+ Ka8
66. Rc7 Kb8 67. Rc6 Rxc6 68. Kxc6 Ka7 69. Kb5 Kb8 70. Kb6 Ka8 71. a7 1/2-1/2

[Event "Club Championships"]
[Site "Wellington Chess Club"]
[Date "2016.11.03"]
[Round "9"]
[White "Nyberg, Michael"]
[Black "Forster, Bill"]
[Result "1/2-1/2"]
[WhiteElo "2085"]
[BlackElo "2066"]

1. c4 Nf6 2. Nc3 c6 3. Nf3 d5 4. d4 e6 5. Bg5 dxc4 6. e4 b5 7. e5 h6 8. Bh4 g5
9. Nxg5 hxg5 10. Bxg5 Nbd7 11. exf6 Bb7 12. a4 Bb4 13. Qf3 Qa5 14. Bd2 O-O-O
15. Qd1 Bxc3 16. bxc3 Qb6 17. axb5 cxb5 18. Be3 Rhe8 19. Be2 a6 20. Bf3 Ne5 21.
Bxb7+ Qxb7 22. O-O Rg8 23. f3 Nd3 24. Qe2 Qc6 25. Ra2 Kb7 26. Rfa1 Ra8 27. h4
e5 28. dxe5 Nxe5 29. Bg5 Rge8 30. Qf2 Nd3 31. Qg3 Qb6+ 32. Kh2 a5 33. Qg4 Qc7+
34. f4 b4 35. Qf3+ Qc6 36. Qxc6+ Kxc6 37. cxb4 Nxb4 38. Rxa5 Rad8 39. Rc1 Re4
40. Ra7 Nd3 41. Rc2 Rd7 42. Rxd7 Kxd7 43. f5 Kd6 44. h5 Ke5 45. h6 Kxf5 46. h7
Re8 47. Bh4 Ne5 48. Rf2+ Kg6 49. Re2 Kxh7 50. Kg3 Kg6 51. Rc2 Rc8 52. Rc3 Nd7
53. Kf4 Rc6 54. Rg3+ Kh6 55. Bg5+ Kh7 56. Rh3+ Kg8 57. Rg3 Kh7 58. Rc3 Nxf6 59.
Kf5 Ng8 60. Rh3+ Kg7 61. Bd2 Rc5+ 62. Kf4 f6 63. Bc3 Rc6 64. g4 Kg6 65. Re3 Kf7
66. Re1 Ne7 67. Rd1 Ke6 68. Ke4 f5+ 69. gxf5+ Nxf5 70. Rg1 Nd6+ 71. Ke3 Nb5 72.
Rg6+ Kd7 73. Rxc6 Kxc6 74. Bg7 1/2-1/2

[Event "Club Championships"]
[Site "Wellington Chess Club"]
[Date "2016.11.03"]
[Round "9"]
[White "Pomeroy, Arthur"]
[Black "Croad, Nicolas"]
[Result "0-1"]
[WhiteElo "2134"]
[BlackElo "2429"]

1. e4 c5 2. Nf3 d6 3. d4 cxd4 4. Nxd4 Nf6 5. Nc3 Nc6 6. g3 e5 7. Nde2 Be7 8.
Bg2 Be6 9. h3 h5 10. Bg5 Rc8 11. Qd2 Na5 12. b3 a6 13. O-O b5 14. Bxf6 Bxf6 15.
Rfd1 Nb7 16. Nd5 h4 17. Nxf6+ Qxf6 18. g4 O-O 19. f4 exf4 20. Nxf4 Qe5 21. Nd5
Rfe8 22. Qf2 Nc5 23. Qxh4 Nxe4 24. Ne7+ Rxe7 25. Qxe7 Qc5+ 26. Kh2 Qe5+ 27. Kg1
Qc5+ 28. Kh2 Qf2 29. Rd3 Rxc2 30. Rg1 Qf4+ 31. Kh1 Nf2# 0-1

[Event "Club Championships"]
[Site "Wellington Chess Club"]
[Date "2016.11.03"]
[Round "9"]
[White "Proctor, Matthew"]
[Black "Konakanchi, Karthik"]
[Result "1-0"]
[WhiteElo "1369"]
[BlackElo "1484"]
[Annotator "Matthew Proctor"]
[PlyCount "37"]
[EventDate "2016.??.??"]
[EventRounds "9"]
[EventCountry "NZL"]

1. e4 e5 2. Nf3 Nc6 3. Bc4 h6 {Karthik's preferred response to the Italian
game, and I knew it was inaccurate. I looked at the responses to 3... h6 and
both the internet and Fritz seemed to prefer} 4. d4 ( {In the past I had
continued with my normal} 4. c3 Bc5 5. d4 exd4 6. cxd4 {with mixed results - a
loss against Karthik and a more recent win against Pramodh, who plays the same
system as his brother} ) 4... exd4 5. Nxd4 Bc5 {I had considered a Scotch Four
Knights as an alternative to my normal opening, and 5... Bc5 is normal in that
apparently}  ( {In similar positions in the past Karthik preferred} 5... Nxd4
6. Qxd4 {which I would have been very happy with. The Fritz opening book
prefers this line} ) 6. Nxc6 {The wasted move of 3... h6 effectively gives
White a 2-move lead rather than 1, so it is important to play as quickly as
possible as if development continues normally the position will tend to
equality} 6... bxc6 7. Nc3 (7. Qh5 d5 (7... Qe7 8. Be3 Bxe3 9. fxe3) 8. exd5
Nf6 {both these lines persuaded me Qh5 would be premature} ) 7... Ne7 (7... Nf6
{I think we both saw} 8. e5 {and rejected the line, overlooking} 8... d5 9. Bb3
d4 10. Ne4 Nd7) 8. Qh5 d5 9. exd5 O-O 10. O-O {hoping to trade bishops on e3,
keeping the pressure on and increasing the attack on f7}  (10. dxc6 {goes two
pawns up, but} 10... Qd4 11. Be3 Qxc4 12. Qxc5 {looked too unstable to be worth
the risk} ) 10... cxd5 11. Nxd5 Bb7 (11... Nxd5 12. Qxd5 (12. Bxd5 Rb8 13.
Bxf7+ Rxf7 14. Qxc5) 12... Qxd5 13. Bxd5 Rb8 14. Be3) 12. Nf6+
{pseudosacrifice} 12... gxf6 13. Qxc5 Ng6 14. Bxh6 Re8 15. Rad1 Qc8 (15... Qe7
16. Qxe7 Rxe7 17. Rfe1 Rxe1+ 18. Rxe1) 16. Bd5 Re5 (16... Bxd5 17. Rxd5 Qe6 18.
Bd2) 17. Rfe1 Rh5 $4 (17... Bxd5 { trading was Black's only hope of survival}
18. Rxe5 fxe5 19. Rxd5) 18. Bxb7 Qxb7 $4 (18... Rxc5 19. Bxc8 Rxc8 20. Rd2 Re5
21. Rxe5 fxe5 22. Rd7 {Black is still lost} ) 19. Qxh5 1-0

[Event "Club Championships"]
[Site "Wellington Chess Club"]
[Date "2016.11.03"]
[Round "9"]
[White "Rossiter, Philip"]
[Black "Aldridge, Alan"]
[Result "1-0"]
[WhiteElo "1897"]
[BlackElo "1979"]

1. c4 e5 2. Nc3 Nf6 3. Nf3 Nc6 4. d3 h6 5. g3 d5 6. cxd5 Nxd5 7. Bg2 Be6 8. a3
Qd7 9. O-O Nxc3 10. bxc3 Bh3 11. Rb1 Bxg2 12. Kxg2 b6 13. Qb3 Be7 14. Bd2 O-O
15. a4 Qd6 16. Qb5 a5 17. Qc4 Rad8 18. Rb5 Rfe8 19. Be3 Bf8 20. Nh4 Qe6 21.
Qxe6 Rxe6 22. Nf5 Ne7 23. Nxe7+ Bxe7 24. f3 f5 25. c4 e4 26. fxe4 fxe4 27. d4
Bf6 28. d5 Red6 29. Rf4 Re8 30. Rf5 Be5 31. Rxe5 Rxe5 32. Bf4 Re8 33. Bxd6 cxd6
34. Rxb6 Rc8 35. Rc6 Rd8 36. Kf2 Kf7 37. Ke3 Ke7 38. Kxe4 Rb8 39. Ra6 Rb2 40.
Kd3 Rb3+ 41. Kc2 Rb4 42. Rxa5 Rxc4+ 43. Kd3 Rb4 44. e3 Rb2 45. Ke4 Kf6 46. h4
g5 47. hxg5+ hxg5 48. Kf3 Rb4 49. Ra8 g4+ 50. Ke2 Ke5 51. a5 Kxd5 52. a6 Kc6
53. a7 Ra4 54. Rc8+ Kb7 55. a8=Q+ Rxa8 56. Rxa8 Kxa8 57. Kd3 Kb7 58. Kd4 Kc6
59. e4 Kd7 60. Ke3 Ke6 61. Kf4 Kf6 62. Kxg4 Kg6 63. Kf4 Kf6 64. g4 Kg6 65. g5
Kg7 66. Kf5 Kf7 67. g6+ Kg7 68. Kg5 Kg8 69. Kf6 Kf8 70. Ke6 Kg7 71. Kxd6 Kxg6
72. e5 Kf7 73. Kd7 1-0

[Event "Club Championships"]
[Site "Wellington Chess Club"]
[Date "2016.11.03"]
[Round "9"]
[White "Sellen, Ian"]
[Black "Wilkins, Mark"]
[Result "1-0"]
[WhiteElo "2064"]
[BlackElo "1969"]

1. c4 Nf6 2. g3 e6 3. Bg2 d5 4. d4 c6 5. b3 dxc4 6. bxc4 c5 7. Nf3 cxd4 8. Qxd4
Bb4+ 9. Bd2 Bxd2+ 10. Nbxd2 O-O 11. O-O Nc6 12. Qc3 Qc7 13. Rfd1 Rb8 14. Rac1
e5 15. Ng5 Nd4 16. Re1 Bg4 17. f3 Bd7 18. e3 Ne6 19. Nge4 Nxe4 20. Nxe4 Rfc8
21. Red1 Ba4 22. Rd5 f6 23. Bh3 Re8 24. Bxe6+ Rxe6 25. Nc5 Rc6 26. Nxa4 b5 27.
Nb2 bxc4 28. Nd1 Qb7 29. Rd2 Rb6 30. Qxc4+ Kh8 31. Kg2 h6 32. Rdc2 Qd7 33. Nf2
f5 34. Qc7 Qe6 35. Qxa7 R6b7 36. Qa4 Rb4 37. Qc6 Qe7 38. Qd5 e4 39. fxe4 fxe4
40. Rc8+ Rxc8 41. Rxc8+ Kh7 42. Qg8+ Kg6 43. Rc6+ Kh5 44. Qd5+ g5 45. g4+ Kh4
46. Rxh6# 1-0

[Event "Club Championships"]
[Site "Wellington Chess Club"]
[Date "2016.11.03"]
[Round "9"]
[White "Winter, Ryan"]
[Black "Sole, Michael"]
[Result "1/2-1/2"]
[WhiteElo "1533"]
[BlackElo "1637"]

1. d4 Nf6 2. c4 c5 3. d5 e6 4. Nc3 exd5 5. cxd5 d6 6. e4 g6 7. Nf3 Bg7 8. h3
O-O 9. Bd3 Re8 10. Bg5 a6 11. a4 Qc7 12. O-O Nbd7 13. Re1 c4 14. Bc2 Rb8 15. e5
Nxe5 16. Nxe5 Rxe5 17. Rxe5 dxe5 18. Bxf6 Bxf6 19. Ne4 Qd8 20. Qf3 Bg7 21. Rd1
Bf5 22. g4 Bxe4 23. Bxe4 Qd6 24. Rc1 Rc8 25. Qe2 b5 26. axb5 axb5 27. b3 Qb4
28. bxc4 Qa3 29. Qe3 Qxe3 30. fxe3 Bh6 31. Kf2 Rxc4 32. Rxc4 bxc4 33. d6 Kf8
34. h4 Ke8 35. Bd5 c3 36. Ke2 c2 37. Kd2 c1=Q+ 38. Kxc1 Bxe3+ 39. Kc2 Bc5
1/2-1/2

[Event "Club Championships"]
[Site "Wellington Chess Club"]
[Date "2016.11.03"]
[Round "9"]
[White "Zhao, Jeffrey"]
[Black "Zhao, Aiden"]
[Result "0-1"]
[WhiteElo "980"]
[BlackElo "1289"]

1. e4 e5 2. Nf3 Nc6 3. Bc4 Bc5 4. Nc3 Nf6 5. Ng5 O-O 6. O-O d6 7. d3 Be6 8.
Bxe6 fxe6 9. Nxe6 Qd7 10. Nxf8 Rxf8 11. Bg5 Qf7 12. Bxf6 Qxf6 13. Na4 Bxf2+ 14.
Rxf2 Qxf2+ 15. Kh1 Rf6 16. Qg1 Qxc2 17. Rf1 Rxf1 18. Qxf1 Qxa4 19. Qf2 Qd1+ 20.
Qg1 Qxd3 21. b4 Nxb4 22. Qxa7 Qxe4 23. Qf2 c5 24. a3 Nc2 25. a4 Qxa4 26. Qf1
Ne3 27. Qf2 Nd1 28. Qe2 {Black won eventually} 0-1

[Event "Club Championships"]
[Site "Wellington Chess Club"]
[Date "2016.11.10"]
[Round "10"]
[White "Austin, Tama"]
[Black "Winter, Ryan"]
[Result "0-1"]
[WhiteElo "1539"]
[BlackElo "1533"]

1. d4 Nf6 2. Nf3 g6 3. Bf4 Bg7 4. c4 d5 5. e3 O-O 6. Be2 dxc4 7. Bxc4 Bg4 8. h3
Bxf3 9. Qxf3 c6 10. O-O Qb6 11. Qe2 Nbd7 12. Nd2 Nd5 13. Nb3 Nxf4 14. exf4 e6
15. Rfd1 a5 16. a4 Rfd8 17. Rd2 Qb4 18. Rc2 Nb6 19. Rd1 Nxa4 20. Bxe6 {  White
(Tama Austin) resigns before Black  (Ryan Winter) plays his next move. Tama had
3 minutes on his clock, Ryan had 20.} 0-1

[Event "Club Championships"]
[Site "Wellington Chess Club"]
[Date "2016.11.10"]
[Round "10"]
[White "Brockway, Andrew"]
[Black "Kulkarni, Yogesh"]
[Result "1/2-1/2"]
[WhiteElo "1801"]
[BlackElo "1986"]

1. e4 c6 2. d4 d5 3. exd5 cxd5 4. Bd3 Nc6 5. c3 h6 6. Bf4 Nf6 7. Nd2 e6 8. Ngf3
Bd6 9. Bxd6 Qxd6 10. O-O O-O 11. Qe2 Qc7 12. Ne5 Nxe5 13. dxe5 Nd7 14. Nf3 a6
15. Rae1 f6 16. exf6 Rxf6 17. Ne5 Nxe5 18. Qxe5 Qxe5 19. Rxe5 Bd7 20. Rfe1 b5
21. a3 a5 22. R5e2 Rf4 23. Rd2 Rc8 24. g3 Rff8 25. f4 Rf6 26. Bf1 1/2-1/2

[Event "Club Championships"]
[Site "Wellington Chess Club"]
[Date "2016.11.10"]
[Round "10"]
[White "Coghini, Phillip"]
[Black "List, Robert"]
[Result "1-0"]
[WhiteElo "1872"]
[BlackElo "1794"]

1. d4 Nf6 2. c4 e5 3. dxe5 Ng4 4. Bf4 Bc5 5. e3 Nc6 6. Qxg4 Nb4 7. Qd1 h5 8. a3
Nc6 9. Nc3 g5 10. Ne4 Be7 11. Bxg5 Bxg5 12. f4 Be7 13. Nf3 d6 14. Be2 Bf5 15.
Ng3 Qd7 16. e4 Bh7 17. exd6 Bxd6 18. e5 Bc5 19. Qxd7+ Kxd7 20. Rd1+ Ke7 21. b4
Be3 22. f5 Bf4 23. Nxh5 Bxf5 24. Nxf4 1-0

[Event "Club Championships"]
[Site "Wellington Chess Club"]
[Date "2016.11.10"]
[Round "10"]
[White "Croad, Nicolas"]
[Black "Nijman, Brian"]
[Result "1-0"]
[WhiteElo "2429"]
[BlackElo "2206"]

1. d4 g6 2. c4 Bg7 3. e4 d6 4. h3 e5 5. Nf3 Nc6 6. Bg5 Qd7 7. d5 Nce7 8. Nc3 h6
9. Be3 f5 10. c5 fxe4 11. Nxe4 Nf5 12. cxd6 cxd6 13. Nfd2 Qe7 14. Bb5+ Bd7 15.
Qg4 Kf7 16. Bxd7 Qxd7 17. Nc4 Rd8 18. O-O Nf6 19. Nxf6 Bxf6 20. Rac1 Kg7 21. b3
Rhf8 22. a4 Qf7 23. Qe4 Rd7 24. a5 Ne7 25. Rcd1 a6 26. Nb6 Rc7 27. Rc1 Rxc1 28.
Rxc1 Nf5 29. Rc3 Bg5 30. Bxg5 hxg5 31. Rf3 Qc7 32. Nc4 Rh8 33. Qe1 Rh4 34. Qd2
Rf4 35. Rxf4 gxf4 36. Qb4 e4 37. Qc3+ Kh7 38. Qf6 e3 39. fxe3 fxe3 40. g4 Qc5
41. Kf1 Qxd5 42. Ke2 Qg2+ 43. Kd3 Qf1+ 44. Kc2 Qf2+ (44... Nd4+ $1 45. Qxd4 e2
46. Ne3 Qf2) 45. Kd3 d5 (45... Qf1+ 46. Kc3 e2) 46. gxf5 dxc4+ 47. bxc4 Qd2+
48. Ke4 Qg2+ 49. Kxe3 Qxh3+ 50. Ke4 Qg2+ 51. Ke5 Qe2+ 52. Kd6 Qd3+ 53. Kc7
Qxc4+ 54. Kxb7 Qb5+ 55. Ka7 Qxf5 56. Qxa6 g5 57. Qb7+ Kh6 58. Qh1+ Kg6 59. Qc6+
Kh5 60. a6 Qf2+ 61. Kb8 Qf8+ 62. Kc7 Qf4+ 63. Qd6 Qc4+ 64. Kd8 Qg8+ 65. Kd7
Qg7+ 66. Kd8 Qh8+ 67. Kc7 Qc3+ 68. Qc6 Qe5+ 69. Kd8 Qd4+ 70. Kc8 Qh8+ 71. Kb7
Qb2+ 72. Qb6 Qg7+ 73. Kc8 Qc3+ 74. Qc7 Qh8+ 75. Kb7 Qb2+ 76. Ka8 Qh8+ 77. Qb8
Qf6 78. Qe8+ Kh4 79. Qe1+ Kh3 80. Qe3+ Kh4 81. a7 Qc6+ 82. Kb8 Qd6+ 83. Kb7
Qd7+ 84. Kb6 Qd8+ 85. Kb5 Qd7+ 86. Kc4 Qa4+ 87. Kd3 Qb5+ 88. Kd2 Qb2+ 89. Ke1
Qb1+ 90. Kf2 Qa2+ 91. Kg1 Qb1+ 92. Kg2 Qb7+ 93. Kf1 Qh1+ 94. Ke2 Qb7 95. Qd4+
Kg3 96. Qg1+ Kh3 97. Qe3+ Kh2 98. Qe5+ Kh3 99. Qh8+ Kg2 100. a8=Q 1-0

[Event "Club Championships"]
[Site "Wellington Chess Club"]
[Date "2016.11.10"]
[Round "10"]
[White "Cunningham, Patrick"]
[Black "Stracy, Don"]
[Result "0-1"]
[WhiteElo "1652"]
[BlackElo "1748"]

{F} 1. d4 Nf6 2. Nf3 b6 3. g3 Bb7 4. Bg2 c5 5. O-O cxd4 6. c3 dxc3 7. Nxc3 g6
8. Qb3 e6 9. Bg5 Bg7 10. e4 d6 11. Rfd1 Qe7 12. e5 dxe5 13. Nxe5 O-O 14. Bxb7
Qxb7 15. Bxf6 Bxf6 16. Ng4 Bg7 17. Rd6 Nd7 18. Rad1 Nc5 19. Qb5 Qf3 20. Ne3
Bxc3 21. bxc3 Ne4 22. Qb2 Nxd6 23. Rxd6 Rfd8 24. Qd2 Rxd6 25. Qxd6 Qf6 26. Nd5
Qd8 27. Ne7+ Kg7 28. Qe5+ f6 29. Qxe6 Qe8 30. g4 Qf7 31. Qd6 Re8 32. Nd5 Qe6
33. Qc7+ Kh6 34. Qf4+ Kg7 35. Qc7+ Qf7 36. Qc6 Re5 37. c4 0-1

[Event "Club Championships"]
[Site "Wellington Chess Club"]
[Date "2016.11.10"]
[Round "10"]
[White "Konakanchi, Pramodh"]
[Black "Proctor, Matthew"]
[Result "0-1"]
[WhiteElo "1191"]
[BlackElo "1369"]

1. e4 e5 2. Nf3 Nc6 3. Nc3 Nf6 4. Bc4 $2 Nxe4 5. Nxe4 d5 6. Bxd5 Qxd5 7. Nc3
Qe6 8. Nb5 Bd6 9. Ng5 Qc4 10. d3 $4 Qxb5 11. O-O O-O 12. c3 Bf5 13. c4 {
wasting a tempo} 13... Qb6 14. Qf3 Nd4 15. Be3 $4 Nxf3+ 16. Nxf3 Bc5 17. Bxc5
Qxc5 18. Rfe1 Bxd3 19. Nxe5 Bxc4 $2 {careless} 20. Nd7 Qd5 21. Nxf8 Rxf8 (21...
Kxf8) 22. Red1 Qe4 23. Re1 Qg6 24. g3 f5 25. Re7 Rf7 26. Re8+ Rf8 27. Re7 Re8
28. Rxc7 Bd5 29. Rd1 Qe6 30. f4 Qe4 (30... Qe3+ 31. Kf1 Qe2+ 32. Kg1 Qg2#) 31.
Rxd5 Qxd5 32. h4 Qd2 (32... Re1+ 33. Kf2 Qd2+ 34. Kf3 Qe2#) 33. Rxg7+ Kxg7 0-1

[Event "Club Championships"]
[Site "Wellington Chess Club"]
[Date "2016.11.10"]
[Round "10"]
[White "Nyberg, Michael"]
[Black "Pomeroy, Arthur"]
[Result "0-1"]
[WhiteElo "2085"]
[BlackElo "2134"]

1. d4 Nf6 2. c4 g6 3. g3 Bg7 4. Bg2 O-O 5. Nc3 d6 6. Nf3 c6 7. b3 e5 8. O-O
Nbd7 9. a4 Re8 10. Ba3 e4 11. Ne1 Nf8 12. Nc2 a6 13. b4 d5 14. cxd5 cxd5 15.
Ne3 Be6 16. Rc1 Bh6 17. h3 Nh5 18. Qd2 f5 19. b5 f4 20. Ng4 Bxg4 21. hxg4 Nf6
22. gxf4 Nxg4 23. e3 Qh4 24. Rfe1 Rad8 25. bxa6 bxa6 26. Qa2 Kh8 27. Rc2 Nh2
28. Rec1 Nf3+ 29. Kf1 Qh2 30. Ne2 Nh4 31. Bxe4 dxe4 32. Ng3 Qg2+ 33. Ke2 Qf3+
34. Kf1 Bxf4 35. exf4 e3 36. Qf7 Qg2+ 37. Ke2 exf2+ 38. Kd3 Qxg3+ 39. Kc4 Rc8+
40. Bc5 Nf5 41. Kb4 Qxf4 42. Rh1 Rxc5 43. Qf6+ Kg8 44. Rxc5 f1=Q 45. Rxf1 Qxf1
46. Rc7 Rb8+ 47. Kc5 Qc1+ 0-1

[Event "Club Championships"]
[Site "Wellington Chess Club"]
[Date "2016.11.10"]
[Round "10"]
[White "Stone, Andrew"]
[Black "Wilkins, Mark"]
[Result "1-0"]
[WhiteElo "2047"]
[BlackElo "1969"]

1. e4 c6 2. c4 d5 3. exd5 cxd5 4. cxd5 Nf6 5. Qa4+ Bd7 6. Qb3 Qc8 7. Nc3 a6 8.
Nf3 e6 9. d4 exd5 10. Nxd5 Nxd5 11. Qxd5 Be6 12. Qe4 Bb4+ 13. Bd2 Bxd2+ 14.
Nxd2 O-O 15. Bd3 Re8 16. Qxh7+ Kf8 17. O-O Nc6 18. Ne4 Ke7 19. Qxg7 Rg8 20.
Qf6+ Kf8 21. Ng5 Qd7 22. Qh6+ Ke8 23. Bh7 Rh8 24. d5 Qxd5 25. Rad1 Qc5 26. Rfe1
Rd8 27. Qf6 Rf8 28. Nxe6 fxe6 29. Bg6+ 1-0

[Event "Club Championships"]
[Site "Wellington Chess Club"]
[Date "2016.11.10"]
[Round "10"]
[White "Timergazi, Layla"]
[Black "Dive, Russell"]
[Result "1-0"]
[WhiteElo "2105"]
[BlackElo "2440"]

1. d4 Nf6 2. c4 e6 3. Nc3 Bb4 4. g3 c5 5. Nf3 O-O 6. Bg2 Nc6 7. O-O Bxc3 8.
bxc3 Qa5 9. Qd3 d6 10. Bf4 Rd8 11. Bg5 e5 12. Nd2 cxd4 13. Bxc6 bxc6 14. Ne4
Bh3 15. Rfc1 d5 16. Bxf6 gxf6 17. Nxf6+ Kg7 18. Nh5+ Kh6 19. g4 $3 Bxg4 20. Nf6
Be6 21. Qxh7+ Kg5 22. Qg7+ Kf5 23. h4 Bd7 24. Qg5+ Ke6 25. cxd5+ Kd6 26. cxd4
exd4 27. Ne4+ Kc7 28. d6+ 1-0

[Event "Club Championships"]
[Site "Wellington Chess Club"]
[Date "2016.11.10"]
[Round "10"]
[White "Wastney, Scott"]
[Black "Jackson, Ross"]
[Result "1-0"]
[WhiteElo "2448"]
[BlackElo "2067"]

1. e4 c5 2. Nf3 d6 3. d4 cxd4 4. Nxd4 Nc6 5. Nc3 Nf6 6. Bg5 e6 7. Qd2 a6 8.
O-O-O h6 9. Nxc6 bxc6 10. Bf4 d5 11. Qe3 Qa5 12. Be2 Qc5 13. Qd2 Qa5 14. e5 Nd7
15. Qe3 Qc5 16. Qg3 Rb8 17. h4 Qb4 18. b3 Nc5 19. Qe3 a5 20. Rd4 Qb6 21. Na4
Qa7 22. Rhd1 Rb4 23. Nb2 Na6 24. Rxb4 Qxe3+ 25. Bxe3 Nxb4 26. Kb1 Be7 27. g3 c5
28. c3 Nc6 29. f4 Nb8 30. Na4 {I give up} 1-0

[Event "Club Championships"]
[Site "Wellington Chess Club"]
[Date "2016.11.10"]
[Round "10"]
[White "Wight, Joshua"]
[Black "Dixon, Hamish"]
[Result "0-1"]
[WhiteElo "1622"]
[BlackElo "1648"]

1. e4 c5 2. f4 Nc6 3. Nf3 d6 4. Bb5 Bd7 5. b3 a6 6. Bxc6 Bxc6 7. d3 d5 8. e5 d4
9. O-O e6 10. Bb2 Ne7 11. c3 dxc3 12. Nxc3 Nd5 13. Nxd5 Qxd5 14. Qe2 O-O-O 15.
Rfd1 Be7 16. Rac1 Bb5 17. Ne1 Rd7 18. Qf2 Kb8 19. Kh1 Rc7 20. d4 c4 21. Qg3 g6
22. Nc2 Rhc8 23. Na1 cxb3 24. Nxb3 Rc2 25. Rb1 Re2 26. Rd2 Rxd2 27. Nxd2 Qxa2
28. h4 Rc2 29. Qb3 Qxb3 30. Nxb3 Bc6 31. Na5 Bxg2+ 32. Kg1 Bxh4 33. Bc1 Be4 34.
Be3 Rg2+ 35. Kf1 Ra2 36. Nxb7 Bxb7 37. Rb6 Kc7 38. Rb3 a5 39. Rc3+ Kd7 40. Rb3
Bd5 41. Rb8 Bd8 42. Bf2 a4 43. Be1 a3 44. Bc3 Rc2 0-1